000
00307nam a22001337a 4500
008
170502b xxu||||| |||| 00| 0 eng d
020
_a
9780137025848
041
_a
eng
080
_2
4TH
_a
343,9
100
_a
14
101
_a
SHJ
245
_a
CANADIAN CRIMINOLOGY TODAY
_c
SCHMALLEGER, F
942
_2
udc
_c
BK
999
_c
12394
_d
12394